000 01322cam a2200133 4500500
005 20260405065540.0
041 _afre
042 _adc
100 1 0 _aGuitton, Antoine
_eauthor
245 0 0 _aScience en 4 saisons : Hiver
260 _bEDP Sciences,
_c2023.
520 _aChocolat noir ou chocolat au lait : lequel des deux est le plus fragile ? Comment savoir si une poêle est assez chaude pour faire cuire des crêpes ? Pourquoi le liège est-il utilisé pour les bouchons de bouteilles de champagne ? Pourquoi est-il conseillé de changer ses pneus en hiver ? Comment aider le père Noël à mieux glisser dans la cheminée ? Quelle est la longueur maximale qu’un teckel peut avoir sans que son ventre touche le sol ? Avez-vous des questions qui vous empêchent de dormir la nuit ? La série « Science en 4 saisons » est faite pour vous ! Venez découvrir les réponses, même aux questions les plus loufoques, que suscitent vos préoccupations quotidiennes. Cette série vous offre une exploration passionnante des sciences, présentée de manière accessible et divertissante, pour nourrir votre curiosité et vous éclairer sur le monde qui vous entoure. Garanti sans équation !
856 4 1 _uhttps://stm.cairn.info/science-en-4-saisons--9782759831845?lang=fr&redirect-ssocas=7080
999 _c2196764
_d2196764